| 000 | 01166cab a2200385 4500 | ||
|---|---|---|---|
| 001 | WB3328-47 | ||
| 008 | 090401t1997 xxu||||| |||| 00| 0 eng d | ||
| 035 | _a(Sirsi) u79733 | ||
| 041 | _aeng | ||
| 245 | _aRICS divisional presidents | ||
| 260 | _c1997 | ||
| 350 | _a0 | ||
| 490 |
_aRICS Press Release _v(pr71.corp.) 4 July 1997, (18) |
||
| 520 | _aStatements from the newly elected RICS President and divisional presidents. | ||
| 650 | _aBOOM AND BUST | ||
| 650 | _aBUILDING SURVEYORS | ||
| 650 | _aCOMMUNICATIONS | ||
| 650 | _aCAREERS, EDUCATION AND TRAINING | ||
| 650 | _aENVIRONMENTAL CONCERNS | ||
| 650 | _aFUTURE | ||
| 650 | _aGENERAL PRACTICE DIVISION | ||
| 650 | _aMANAGEMENT-BUSINESS MANAGEMENT-INFORMATION MANAGEMENT | ||
| 650 | _aLAND SURVEYORS | ||
| 650 | _aMINERALS DIVISION | ||
| 650 |
_aPLANNING AND DEVELOPMENT _96259 |
||
| 650 | _aPRESIDENT | ||
| 650 | _aQUANTITY SURVEYORS | ||
| 650 | _aABOUT RICS-RICS JUNIOR ORGANISATION | ||
| 650 | _aRICS | ||
| 650 | _aRURAL PRACTICE DIVISION | ||
| 650 | _aSTANDARDS | ||
| 690 | _aMANAGEMENT-BUSINESS MANAGEMENT-PROFESSIONAL PRACTICE | ||
| 942 | _n0 | ||
| 948 | _c18/07/1997 | ||
| 999 |
_c50159 _d50159 |
||